TM-5-258 department of the Army technical manual pile construction / (Record no. 546580)

000 -LEADER
fixed length control field 00407nam a22001337a 4500
082 ## - DEWEY DECIMAL CLASSIFICATION NUMBER
Classification number 624.154
Author Mark PIL
-- D
110 ## - MAIN ENTRY--CORPORATE NAME
Corporate name or jurisdiction name as entry element USA War Office.
9 (RLIN) 42731
245 ## - TITLE STATEMENT
Title TM-5-258 department of the Army technical manual pile construction /
Statement of responsibility, etc. USA War Office.
260 ## - PUBLICATION, DISTRIBUTION, ETC.
Place of publication, distribution, etc. USA :
Name of publisher, distributor, etc. HQ Department of The Army,
Date of publication, distribution, etc. 1963.
300 ## - PHYSICAL DESCRIPTION
Extent 146.
526 ## - STUDY PROGRAM INFORMATION NOTE
Program name 0
Interest level 0
Reading level 0
Title point value 624_154000000000000_PIL
650 ## - SUBJECT ADDED ENTRY--TOPICAL TERM
Topical term or geographic name entry element MCE
9 (RLIN) 379
942 ## - ADDED ENTRY ELEMENTS (KOHA)
Source of classification or shelving scheme
Koha item type Book
Holdings
Withdrawn status Lost status Source of classification or shelving scheme Damaged status Not for loan Permanent Location Current Location Date acquired Total Checkouts Full call number Barcode Date last seen Price effective from Koha item type
          Military College of Engineering (MCE) Military College of Engineering (MCE) 06/13/2014   624.154 PIL MCE-42124 06/13/2014 06/13/2014 Book
© 2023 Central Library, National University of Sciences and Technology. All Rights Reserved.